| 000 | 00381nam a2200145Ia 4500 | ||
|---|---|---|---|
| 008 | 210719s1969 xx 000 0 und d | ||
| 041 | _aeng | ||
| 082 | _a909 REBW | ||
| 100 | _aREBELLOW (I) | ||
| 245 | _aWorld civilisation: ancient and medieval. P2. | ||
| 260 |
_aMangalore. _bCodial Bail Press., _c1969 |
||
| 300 |
_aviii,351 _bPB |
||
| 365 |
_b7 _cRs |
||
| 650 | _aWorld History | ||
| 999 |
_c213009 _d213009 |
||